000
00309nam a2200121Ia 4500
008
150731s2011 xx 000 0 und d
082
_a
614.1
_b
V 11 G
100
_a
GUPT,HARICHANDR
245
_a
VYAVHARAYURVED VIDHI AYURVED
260
_b
CHAUKHAMBHA PUB. NEW DELHI
_c
2011
300
_a
582
942
_2
ddc
_c
BK
_0
2
999
_c
7917
_d
7917